|
|
|
|
| LEADER |
00000ntmaa2200000 a 4500 |
| 001 |
vtls011615574 |
| 003 |
SK-MaSNL |
| 005 |
20260301140411.0 |
| 008 |
230802s1850 xo || 000ns slo |
| 035 |
|
|
|a urn:nbn:sk:snk-tm00cabk
|
| 035 |
|
|
|a urn:nbn:sk:snk-tm3n2bb
|
| 035 |
|
|
|a 7C442767-E082-464C-87DF-6B2D6FDC2266
|
| 040 |
|
|
|a SNKLA
|b slo
|c SNKLA
|e AACR2
|
| 041 |
0 |
|
|a slo
|
| 044 |
|
|
|a xo
|c SK
|
| 072 |
|
7 |
|a 27-78
|x Kresťanské združenia, spolky a organizácie. Rehoľné rády
|2 konspekt
|
| 080 |
|
|
|a 2-287
|2 2011
|
| 080 |
|
|
|a 025.171
|2 2011
|
| 100 |
1 |
|
|a Novotný, Juraj
|4 aut
|9 493034
|
| 245 |
0 |
0 |
|a Sacri Sermones pro Dominicis et Festis totius Anni
|c Georgius Novotny
|
| 260 |
|
|
|a [Dokument vznikol na Slovensku]
|c [1850?]
|
| 300 |
|
|
|a 18 strán, 24 nečíslovaných strán
|b rukopis
|c 20 cm
|
| 500 |
|
|
|a Zložky 1-3, ostatné chýbajú
|
| 520 |
2 |
|
|a Kázne na nedele a sviatky celého roka, ktoré zozbieral a na čisto odpísal Juraj Novotný
|
| 555 |
0 |
|
|a Inventár rukopisov Archívu literatúry a umenia Matice slovenskej. Rukopisy historických knižníc na Slovensku I. Martin : Matica slovenská 1992
|
| 610 |
2 |
7 |
|a Františkáni (Slovensko)
|b Salvatoriánska provincia
|2 SNKLA
|9 345969
|
| 655 |
|
7 |
|a kázne
|2 SNKPH
|9 70516
|
| 655 |
|
7 |
|a rukopisy
|2 SNKPH
|9 70548
|
| 852 |
|
|
|a Slovenská národná knižnica
|b Literárny archív
|
| 958 |
|
|
|a ZH
|
| 958 |
|
|
|a LAVD
|
| 999 |
|
|
|c 763535
|d 765465
|
| 952 |
|
|
|a SNKLA
|b SNKLA
|c SNKLA_DEP
|y NEVYP
|7 0
|p 17A1225955
|o snkRHKS 540
|0 0
|1 0
|4 0
|d 2017-03-03
|f 1
|l 0
|r 2026-02-24 00:11:27
|w 2026-02-24
|